| 000 | 00709nam a2200217 a 4500 | ||
|---|---|---|---|
| 999 |
_c1076 _d1076 |
||
| 001 | 1076 | ||
| 003 | BD-JhCC | ||
| 005 | 20171015160638.0 | ||
| 008 | 171014s1983 bg |||| ||a| 000 0 ben d | ||
| 035 | _a(BD-JhCC)1076 | ||
| 040 |
_aBD-JhCC _dBD-JhCC |
||
| 041 | _aben | ||
| 082 |
_a891.4409 _bANW 1983 |
||
| 245 |
_aআনোয়ার পাশা রচনাবলী / _cসিরাজুল ইসলাম চৌধুরী, (সম্পা.) |
||
| 260 |
_aঢাকা : _bবাংলা একাডেমী, _c1983 |
||
| 300 |
_a390 p.; _c28 cm. |
||
| 650 | _aBengali Literature | ||
| 700 | _aচৌধুরী, সিরাজুল ইসলাম | ||
| 942 |
_2ddc _cBK |
||